| 000 | 01265nam a2200373 4500 | ||
|---|---|---|---|
| 001 | 123330 | ||
| 003 | ES-MaACL | ||
| 005 | 20251015063126.0 | ||
| 007 | t| | ||
| 008 | 070214s1958 sp r ||||1| spa d | ||
| 100 | 1 |
_aRacine, Jean, _d1639-1699 _994887 |
|
| 245 | 1 | 0 |
_aTeatro completo / _cJean Racine ; traducción, prólogo y notas por Flor Robles Villafranca. |
| 260 |
_aBarcelona : _bIberia, _c1958. |
||
| 300 |
_a2 v. ; _c19 cm. |
||
| 490 | 1 | _aObras maestras | |
| 505 | 8 | _aContiene: v. I: Jean Racine y su obra dramática / por Flor Robles Villafranca . La Tebaida ; Alejandro el Grande ; Andrómaca ; Los litigantes ; Británico ; Berenice ---- v. II: Bayaceto ; Mitriades ; Ifigenia ; Fedra ; Ester ; Atalia | |
| 700 | 1 |
_aRobles Villafranca, Flor. _997956 |
|
| 740 | 0 | _aJean Racine y su obra dramática. | |
| 740 | 0 | _aLa Tebaida. | |
| 740 | 0 | _aAlejandro el Grande. | |
| 740 | 0 | _aAndrómaca. | |
| 740 | 0 | _aLos litigantes. | |
| 740 | 0 | _aBritánico. | |
| 740 | 0 | _aBerenice. | |
| 740 | 0 | _aBayaceto. | |
| 740 | 0 | _aMitriades. | |
| 740 | 0 | _aIfigenia. | |
| 740 | 0 | _aFedra. | |
| 740 | 0 | _aEster. | |
| 740 | 0 | _aAtalia. | |
| 830 | 0 |
_aObras maestras _9181001 |
|
| 852 |
_aES-MaACL _jC-16321-2 _bR.44172 |
||
| 999 |
_c123330 _d123330 |
||